LIBRARY & INFORMATION CENTRE, KCAET, TAVANUR

ONLINE PUBLIC ACCESS CATALOGUE (OPAC)

Higher engineering mathematics (Record no. 109)

MARC details
000 -LEADER
fixed length control field 00929cam a2200421ua 4500
041 ## - LANGUAGE CODE
Language code of text/sound track or separate title eng
082 ## - DEWEY DECIMAL CLASSIFICATION NUMBER
Classification number 518
Item number GRE/HI
100 ## - MAIN ENTRY--AUTHOR NAME
Personal name Grewal, B S .
245 ## - TITLE STATEMENT
Title Higher engineering mathematics
250 ## - EDITION STATEMENT
Edition statement 15 /
260 ## - PUBLICATION, DISTRIBUTION, ETC. (IMPRINT)
Place of publication New Delhi :
Name of publisher Khanna publishers ,
Year of publication 1988.
300 ## - PHYSICAL DESCRIPTION
Number of Pages 959 ; .
650 ## - SUBJECT ADDED ENTRY--TOPICAL TERM
Topical Term Mathematics
942 ## - ADDED ENTRY ELEMENTS (KOHA)
Koha item type Books
003 - CONTROL NUMBER IDENTIFIER
control field @
003 - CONTROL NUMBER IDENTIFIER
control field OSt
Holdings
Withdrawn status Lost status Damaged status Home library Current library Date acquired Full call number Accession Number Koha item type
      KAUAET KAUAET 02/10/1986 518 14807 Books
      KAUAET KAUAET 02/10/1986 518 14802 Books
    Damaged KAUAET KAUAET 02/10/1986 518 14809 Books
      KAUAET KAUAET 19/03/1986 518 15117 Books
      KAUAET KAUAET 02/10/1986 518 14808 Books
      KAUAET KAUAET 19/03/1986 518 15120 Books
Withdrawn     KAUAET KAUAET 19/03/1986 518 15109 Books
      KAUAET KAUAET 19/03/1986 518 15119 Books
      KAUAET KAUAET 19/03/1986 518 15118 Books
      KAUAET KAUAET 19/03/1986 518 15111 Books
      KAUAET KAUAET 19/03/1986 518 15121 Books
      KAUAET KAUAET 19/03/1986 518 15106 Books
      KAUAET KAUAET 02/10/1986 518 14806 Books
      KAUAET KAUAET 02/10/1986 518 14803 Books
      KAUAET KAUAET 19/03/1986 518 15115 Books
      KAUAET KAUAET 19/03/1986 518 15112 Books
      KAUAET KAUAET 19/03/1986 518 15116 Books
    Damaged KAUAET KAUAET 19/03/1986 518 15122 Books
free website counter